000 00992cam a22003011 4500
001 8243
003 BD-RjUL
005 20211208234541.0
008 140118s1963 nyua b 001 0 eng d
035 _a(BD-RjUL)8288
040 _aDLC/ICU
_cICU
_dDLC
_dBD-RjUL
_beng
041 _aeng
082 0 0 _a530.12
_bFRR 1963
100 1 _aFrautschi, Steven C.,
_d1933-
_925676
245 1 0 _aRegge poles and S-matrix theory /
_cby Steven C. Frautschi
260 _aNew York :
_bW.A. Benjamin,
_c1963.
300 _avii, 200 p. :
_bill. ;
_c24 cm.
490 1 _aFrontiers in physics; a lecture note and reprint series
500 _aAt head of title: Tata Institute of Fundamental Research.
504 _aIncludes index.
504 _aBibliography: p. 193-198.
650 0 _aS-matrix theory.
_925677
650 0 _aRegge trajectories.
_925678
710 2 _aTata Institute of Fundamental Research.
_921741
830 0 _aFrontiers in physics.
_9211992
942 _2ddc
_cBK
999 _c8243
_d8243